Responses for Show #4503 - Wednesday, March 17, 2004

Steve Reynolds game 3.

Contestants

[<< previous game]

Michael Berthold, a construction worker from Lowell, Wisconsin

Ann Dickie, a director of human resources from Cheverly, Maryland

Steve Reynolds, an accountant from Norman, Oklahoma (whose 2-day cash winnings total $37,601)

[next game >>]

Jeopardy! Round responses

SENATORS BY STATE
ENTERTAINERS OF THE PAST
WEAPONS
(Alex: Ah, because it's St. Patrick's Day, it's going to...)
SOUNDS LIKE AN IRISH COUNTY
-OLOGIES
(Alex: And one of my favorites...)
STUPID ANSWERS
    $200 1
Massachusetts

Ann
    $200 2
Dinah Shore

Steve
    $200 8
(Michael: What is an atomic bomb?)

a hydrogen bomb

Michael
Triple Stumper
    $200 14
Mayo

Steve
    $200 19
bees

Michael
    $200 26
scrubs

Steve
    $400 3
Hawaii

Steve
    $400 7
Jackie Gleason

Michael
    $400 9
daggers

Steve
    $400 15
Claire

Steve
    $400 22
primatology

Steve
    $400 27
grapefruit

Ann
    $600 4
Connecticut

Steve
    $600 10
Jimmy Durante

Steve
    $600 13
rifles

Steve
    $1,000 16
Cork

Steve
    $600 23
flags

Michael
    $600 28
the Frisbie Bakery

Steve
    $800 5
Pennsylvania

Steve
    $800 11
Mel Torme

Steve
    $800 20
intercontinental ballistic missile

Michael
    $800 17
Kildare

Steve
    $800 24
cetology

Steve
    $800 29
Taco Bell

Michael
    $1000 6
Colorado

Steve
    $1000 12
George Burns

Michael
    $1000 21
sabre

Michael
    $1000 18
Galway (or "Gaul way")

Triple Stumper
    $1000 25
(Michael: What is biology?)

physiology

Michael
Triple Stumper
    $1000 30
(Alex: Couldn't stump you with those STUPID ANSWERS!)

Sioux City

Michael

Scores at the first commercial break (after clue 16):

Steve Ann Michael
$7,000 $200 $1,200

Scores at the end of the Jeopardy! Round:

Steve Ann Michael
$9,800 $600 $4,600

Double Jeopardy! Round responses

HISTORICAL NOVELS
(Alex: We want you to name the actor, we'll give you the...)
OSCAR-WINNING ROLES
MUSICAL INSTRUMENTS
ENDS IN "ELLA"
SPICE
THE FINAL FRONTIER
    $400 21
Alexander the Great

Ann
    $400 1
(Alex: "Boys Town", Father Flanagan.)

Spencer Tracy

Michael
    $400 9
the ukulele

Steve
    $400 16
Bella

Steve
    $400 26
(Michael: What is lemon?)

vanilla

SteveMichael
    $400 2
the Enterprise

Ann
    $800 22
The Red Badge of Courage

Steve
    $800 3
Anne Bancroft

Steve
    $800 10
a clapper

Michael
    $800 17
novella

Steve
    $800 27
saffron

Michael
    $800 5
the Hubble Space Telescope

Michael
    $1200 23
(Ann: What are sagas?)

Chronicles

Ann
Triple Stumper
    $1200 4
(Alex: "Sergeant York.")

Gary Cooper

Michael
    $1200 12
the clarinet

Steve
    $1,500 18
the patella

Steve
    $1200 28
(Steve: What is anise?)

cumin

Steve
Triple Stumper
    $1200 6
Skylab

Steve
    $1600 24
(Michael: Who is Horatio Hornblower?)

Jack Aubrey

Michael
Triple Stumper
    $1600 7
(Steve: Blanking out!)
...
(Alex: Lust for Life, starring Kirk Douglas.)

Anthony Quinn

Steve
Triple Stumper
    $1,000 13
(Steve: What is a sonnetina?)

clavichord

Steve
    $1600 19
(Michael: What is a quintella?)

quinella

Michael
Triple Stumper
    $1600 29
mace

Michael
    $1600 11
Mars

Steve
    $2000 25
(Alex: Less than a minute now, Steve.)

Alan Furst

Triple Stumper
    $2000 8
(Alex: The film was "Judgment at Nuremberg" & the Oscar-winning actor was [*].)

Maximilian Schell

Triple Stumper
    $2000 14
the glockenspiel

Michael
    $2000 20
mortadella

Steve
    $2000 30
cinnamon

Triple Stumper
    $2000 15
the Van Allen Belt

Michael

Scores at the end of the Double Jeopardy! Round:

Steve Ann Michael
$17,100 $200 $10,600

[wagering suggestions for these scores]

Final Jeopardy! Round responses

STATE FACTS
AnnWhat is Minnesota?
$100
MichaelWhat is Minnesota
$10,000
SteveWhat is Minnesota?
$4,101
Minnesota

Final scores:

Steve Ann Michael
$21,201 $300 $20,600
3-day champion: $58,802 3rd place: $1,000 2nd place: $2,000

Game dynamics:

Coryat scores:

Steve Ann Michael
$17,400 $200 $10,600
28 R
(including 2 DDs),
3 W
(including 1 DD)
4 R,
1 W
16 R,
5 W

Combined Coryat: $28,200

[game] [game scores] [suggest correction]

Game tape date: 2003-12-10
The J! Archive is created by fans, for fans. Scraping, republication, monetization, and malicious use prohibited; this site may use cookies and collect identifying information. See terms. The Jeopardy! game show and all elements thereof, including but not limited to copyright and trademark thereto, are the property of Jeopardy Productions, Inc. and are protected under law. This website is not affiliated with, sponsored by, or operated by Jeopardy Productions, Inc. Join the discussion at JBoard.tv.